[Event "36th Zalakaros Festival 2017"]
[Site "Zalakaros"]
[Date "2017.05.19"]
[Round "2"]
[White "Meszaros, Tamas"]
[Black "Kollars, Dmitrij"]
[Result "0-1"]
[WhiteElo "2401"]
[BlackElo "2503"]
[Annotator "TA"]
[PlyCount "80"]
[EventDate "2017.??.??"]
[EventType "swiss"]
[EventCountry "HUN"]
[SourceTitle "playchess.com"]
[Source "ChessBase"]
[SourceQuality "1"]

{[%evp 20,80,22,11,12,25,14,27,14,18,16,0,0,0,0,0,0,0,-1,-23,-23,-16,-24,-19,-23,-16,-16,-18,-20,-16,-10,-77,-92,-88,-75,-76,-80,-80,-50,-50,-50,-50,-52,-77,-51,-67,-47,-64,-40,-285,-266,-362,-322,-452,-507,-355,-433,-1201,-1151,-1359,-1331,-1327,-1290]} 1. e4 e5 2. Nf3 Nc6 3. Bb5 f5 4. Nc3 fxe4 5. Nxe4 Nf6 6. Qe2 d5 7. Nxf6+ gxf6 8. d4 Bg7 9. dxe5 O-O 10. e6 Ne5 11. O-O c6 {C63: Ruy Lopez: Schliemann/Jaenisch Defence} (11... Bxe6 12. Nd4 Bg4 13. f3 Bc8 14. f4 c6 15. fxe5 fxe5 16. Rxf8+ Qxf8 17. Bd3 e4 18. Bxe4 Bxd4+ 19. Be3 Bxe3+ 20. Qxe3 dxe4 21. Qg5+ Qg7 22. Qd8+ Qf8 23. Qg5+ Qg7 {½-½ (23) Polgar,J (2707)-Radjabov,T (2735) Wijk aan Zee 2008}) 12. Bd3 {Strongly threatening Nd4.} Bxe6 13. Nd4 Bg4 {White has an edge.} 14. f3 Bd7 {Threatens to win with ...c5.} 15. Bf5 Re8 16. f4 Qb6 17. Qf2 Bxf5 18. fxe5 Rxe5 19. Be3 $146 (19. Bf4 $5 {[%cal Rf4e5]} Re4 20. Be3 $11) ({Predecessor:} 19. Bf4) 19... Bg6 $36 {[%mdl 2048] aiming for ...Rae8. Black is more active.} 20. Nf5 Rxf5 21. Bxb6 Rxf2 22. Bxf2 Bxc2 23. Bd4 f5 {[%cal Bf6f5,Bf5g4][%mdl 32]} 24. Bxg7 Kxg7 $11 {[%mdl 4096] Endgame KRR-KRB} 25. g4 (25. Rf4 $11) 25... fxg4 $17 26. Rf4 h5 27. Re1 Be4 $1 28. Ref1 Bg6 (28... Kg6 {seems wilder.} 29. h4 gxh3 30. Kh2 Re8 31. Kxh3 Re5) 29. Re1 Re8 30. Rxe8 Bxe8 $15 {KR-KB} 31. Kf2 c5 {[%cal Bc6c5,Bc5c4,Bc4c3,Bc3c2][%mdl 32]} 32. Rf5 Bf7 33. Kg3 c4 34. Rf4 $2 {[#]} ({White should play} 34. Rg5+ $15 Kf6 35. Kf4) 34... b5 $1 $19 {[%cal Bb7b5,Bb5b4][%mdl 32]} 35. Kf2 b4 36. Ke3 (36. Rd4 $142 Kg6 37. Rf4) 36... Bg6 37. Kd4 Be4 38. a4 {[#]} (38. Rf2 $142 Kh6 39. Rf6+ Kg5 40. Rf8) 38... c3 $1 39. Rf2 (39. bxc3 b3) 39... c2 40. Rf1 h4 {Precision: White = 46%, Black = 98%.} 0-1

[Event "36th Zalakaros Festival 2017"]
[Site "Zalakaros"]
[Date "2017.05.19"]
[Round "2"]
[White "Almasi, Istvan"]
[Black "Marosi, Levente"]
[Result "1/2-1/2"]
[WhiteElo "2398"]
[BlackElo "2286"]
[Annotator "TA"]
[PlyCount "81"]
[EventDate "2017.??.??"]
[EventType "swiss"]
[EventCountry "HUN"]
[SourceTitle "playchess.com"]
[Source "ChessBase"]
[SourceQuality "1"]

{[%evp 20,81,50,0,-5,-13,0,0,0,-64,-55,-83,0,0,2,7,0,8,25,0,74,71,60,51,74,57,84,37,87,-14,-4,-41,-48,-116,0,0,0,0,0,0,18,12,13,37,23,-21,-13,-14,-20,-71,-52,-231,-132,-190,-187,-160,-70,-88,0,-158,0,-101,0,-796]} 1. d4 Nf6 2. Nf3 g6 3. c4 Bg7 4. Nc3 O-O 5. e4 d6 6. Be2 e5 7. O-O Nc6 8. d5 Ne7 9. Ne1 Ne8 10. Nd3 f5 11. f4 (11. f3 $14) 11... exf4 $11 {E98: King's Indian: Classical Main Line: 9 Ne1} 12. Rxf4 (12. Nxf4 Be5 13. Nd3 Bd4+ 14. Nf2 Bg7 15. g3 h6 16. Be3 Nf6 17. c5 fxe4 18. Nfxe4 Nxe4 19. Nxe4 Rxf1+ 20. Qxf1 {½-½ (67) Yermolinsky,A (2630)-Van Wely,L (2645) Wijk aan Zee 1997}) 12... g5 13. Rf1 f4 14. Bg4 (14. g3 $1 $11) 14... Ng6 $15 15. g3 $146 ({Predecessor:} 15. Bxc8 Rxc8 16. Qg4 Bd4+ 17. Kh1 Ng7 18. Qd1 Ne5 19. Nxe5 Bxe5 20. h3 h5 21. Rb1 g4 22. Qd3 Qh4 23. Kg1 f3 {0-1 (23) Seemann,M-Schmidt,M Germany 1997}) 15... fxg3 (15... Qe7 $17 {And now ...Bxg4 would win.} 16. Bxc8 Rxc8 17. gxf4 Bxc3 18. bxc3 Qxe4 19. fxg5 Rxf1+ 20. Qxf1 Qg4+ 21. Qg2 Qxc4) 16. Rxf8+ $11 Kxf8 17. hxg3 h6 18. Be3 $36 {[%mdl 2048] White fights for an advantage.} Nf6 19. Bh5 (19. Bf5 $5 {[%cal Rf5g6]} Qe8 20. Qf3 $14) 19... Ne5 (19... Nh8 $11 {keeps the balance.}) 20. Nxe5 $16 dxe5 21. Bg6 Kg8 22. Qf1 a6 23. Bf5 Ng4 24. Bxg4 (24. Qe2 $16 Nxe3 25. Qxe3) 24... Bxg4 $11 25. c5 Qd7 26. Qc4 {[#]} (26. c6 $1 $15 bxc6 27. Bc5) 26... Kh8 (26... Bf3 $1 $17 {Hoping for ...Qg4.} 27. Kf2 Rf8) 27. c6 bxc6 28. Qxc6 Qxc6 29. dxc6 Rd8 30. Nd5 Rd6 31. Rc1 Bf3 32. Rc4 {[#]} (32. Nxc7 {seems wilder.} Bxe4 33. Nxa6 Bxc6 34. b4 Rf6 35. Nc7) 32... Bxe4 $1 {[%mdl 512]} 33. Rxe4 Rxd5 {[%mdl 4096] Endgame KRB-KRB} 34. b4 (34. Ra4 $1 $11) 34... Bf8 35. Kg2 $2 {[#]} (35. a4 $15) 35... Bd6 (35... Kg7 $1 $19 36. Kf3 Kf6) 36. Kf3 (36. Rc4 $17 {is a better defense.}) 36... Kg7 $19 37. Rc4 Rb5 (37... Rd3 $17 {aiming for ...Ra3.} 38. Ke4 Ra3) 38. Bd2 Rd5 (38... h5 $142 39. Ke4 Kg6) 39. Be3 $1 $17 Rb5 (39... Rd3 $142 {Threatens to win with ...Ra3.} 40. Ke4 Ra3) 40. Bd2 $1 Rd5 ({Black should try} 40... h5 $17 41. Ke4 Kg6) 41. Ke4 $2 {[%mdl 40960] Precision: White = 32%, Black = 38%. . An unexpected result.} (41. Be3 $11) 1/2-1/2

[Event "36th Zalakaros Festival 2017"]
[Site "Zalakaros"]
[Date "2017.05.19"]
[Round "2"]
[White "Hnydiuk, Aleksander"]
[Black "Efimenko, Zahar"]
[Result "1/2-1/2"]
[WhiteElo "2390"]
[BlackElo "2648"]
[Annotator "TA"]
[PlyCount "64"]
[EventDate "2017.??.??"]
[EventType "swiss"]
[EventCountry "HUN"]
[SourceTitle "playchess.com"]
[Source "ChessBase"]
[SourceQuality "1"]

{[%evp 10,64,32,39,37,35,39,32,38,31,44,43,44,36,33,43,37,42,42,50,48,48,48,46,47,49,58,49,44,39,35,39,39,44,59,56,62,51,56,46,50,30,60,4,0,0,42,9,33,0,0,0,47,0,0,0,47]} 1. Nf3 Nf6 2. c4 d6 3. d4 g6 4. Nc3 Bf5 5. Qb3 b6 (5... Qc8 6. Nh4 Bd7 7. e4 Nc6 8. Nf3 e5 9. d5 Nd4 10. Qd1 Bg4 11. Be3 Bxf3 12. gxf3 Bg7 13. f4 {½-½ (47) Wang,H (2734)-Svidler,P (2759) Almaty 2016}) 6. Ng5 {LiveBook: 3 Games. E61: King's Indian: Early deviations for White, including Smyslov System} Nc6 7. e4 {[#] c5 is the strong threat.} Bd7 $1 8. d5 {White is slightly better.} Nd4 9. Qd1 c5 10. dxc6 $146 ({Predecessor:} 10. h3 e5 11. dxe6 fxe6 12. Bd3 Bg7 13. O-O {½-½ (36) Jakovljevic,V (2395)-Sutkovic,D (2304) Bihac 2010}) 10... Nxc6 11. Be2 Bg7 12. O-O O-O 13. Be3 Rc8 14. Rc1 h6 15. Nf3 Ng4 16. Bd2 Nge5 17. b3 Nxf3+ 18. Bxf3 Nd4 19. Be3 Nxf3+ 20. Qxf3 f5 21. exf5 Rxf5 22. Qd1 Bc6 23. Bd4 Qf8 {[#] And now ...Bxd4 would win.} 24. Bxg7 Qxg7 25. Qd2 g5 26. Rfe1 (26. Rce1 $14) 26... Rcf8 $11 27. Re2 Rf4 28. Rd1 R8f5 29. Rde1 (29. Qe1 $5 {[%cal Re2e7]}) 29... Rf7 30. Rd1 R7f5 31. Rde1 (31. Qe1 $5 {[%cal Re2e7]}) 31... Rf7 $1 32. Rd1 R7f5 {Precision: White = 68%, Black = 67%.} 1/2-1/2

[Event "36th Zalakaros Festival 2017"]
[Site "Zalakaros"]
[Date "2017.05.19"]
[Round "2"]
[White "Hemant, Sharma"]
[Black "Markus, Robert"]
[Result "1/2-1/2"]
[WhiteElo "2380"]
[BlackElo "2673"]
[Annotator "TA"]
[PlyCount "98"]
[EventDate "2017.??.??"]
[EventType "swiss"]
[EventCountry "HUN"]
[SourceTitle "playchess.com"]
[Source "ChessBase"]
[SourceQuality "1"]

{[%evp 21,98,19,18,0,14,0,0,0,0,0,0,-39,0,-6,-5,-5,0,0,12,5,22,7,14,0,0,0,33,36,30,39,40,6,22,0,0,0,0,0,8,0,0,0,0,0,0,0,0,0,0,0,0,0,0,0,0,0,0,0,0,0,0,0,0,0,0,0,0,0,0,0,0,0,0,0,0,0,0,0,0]} 1. c4 Nf6 2. Nc3 g6 3. g3 Bg7 4. Bg2 O-O 5. Nf3 d6 6. d3 e5 7. O-O h6 8. Rb1 a5 9. a3 Be6 10. b4 {A24: English Opening vs King's Indian: Lines without ...Nc6} axb4 11. axb4 Nbd7 {LiveBook: 3 Games} (11... c6 12. Bd2 Nbd7 13. Qc1 Kh7 14. e4 Nh5 15. Qc2 f5 16. exf5 gxf5 17. Rfe1 Qf6 18. Nh4 Qf7 19. Bh3 Rae8 {0-1 (37) Artemiev,V (2669)-Inarkiev,E (2686) Sochi 2016}) 12. Ne1 c6 13. b5 d5 14. bxc6 bxc6 15. Nc2 $146 ({Predecessor:} 15. cxd5 cxd5 16. Nb5 Kh7 17. Nc2 Rh8 18. f4 exf4 19. Bxf4 Nh5 {0-1 (32) Vicas,M (2010)-Juknis,P (2163) Lithuania 2016}) 15... dxc4 16. dxc4 (16. Nb4 $5 {[%cal Rb4c6]} Qa5 17. Bd2 $11) 16... Rc8 (16... Qa5 $5 {[%cal Ra5c3]} 17. Bd2 Qc5 $11) 17. Ba3 Re8 18. Ne3 Bf8 19. Bxf8 Rxf8 20. Qd6 Ne8 (20... Qa5 $5 {[%cal Ra5c3]} 21. Ne4 Nxe4 22. Bxe4 Rfd8 $11) 21. Qd2 Qc7 22. Nc2 Kg7 23. Nb4 Nb8 24. c5 Rd8 25. Qb2 Nf6 26. Rfd1 Bf5 {The position is equal.} 27. Rxd8 (27. Ra1 {keeps more tension.} Rxd1+ 28. Nxd1 Nbd7 29. Qc3 Be4 30. f3) 27... Rxd8 28. Rd1 Rxd1+ 29. Nxd1 Nfd7 30. Qc3 Qa5 31. h4 h5 32. Nxc6 Qxc3 33. Nxc3 {[#] Black must now prevent Nxb8.} Nxc6 34. Bxc6 Nxc5 $11 {[%mdl 4096] Endgame KBN-KBN} 35. f3 Bc2 36. Kf2 Kf6 37. Ke3 Ke7 38. Bd5 Bf5 39. Bc4 Be6 40. Bxe6 Kxe6 {KN-KN} 41. Ne4 Nb3 42. Ng5+ Ke7 43. Kf2 Nc5 44. Ke3 f6 45. Ne4 Ne6 46. Kf2 f5 47. Nc3 Nc5 48. e4 fxe4 49. fxe4 Nb7 {Precision: White = 68%, Black = 69%.} 1/2-1/2

[Event "36th Zalakaros Festival 2017"]
[Site "Zalakaros"]
[Date "2017.05.19"]
[Round "2"]
[White "Gara, Anita"]
[Black "Ganaus, Hannes"]
[Result "1-0"]
[WhiteElo "2373"]
[BlackElo "2271"]
[Annotator "TA"]
[PlyCount "141"]
[EventDate "2017.??.??"]
[EventType "swiss"]
[EventCountry "HUN"]
[SourceTitle "playchess.com"]
[Source "ChessBase"]
[SourceQuality "1"]

{[%evp 16,141,0,-9,6,0,25,13,70,70,58,62,63,37,50,44,37,37,37,33,67,50,58,27,33,33,49,43,41,42,36,17,13,17,41,9,16,0,0,0,15,20,65,51,50,37,68,64,70,41,41,32,48,44,48,46,40,20,23,20,16,14,106,106,104,31,73,25,65,33,33,33,31,34,52,27,104,107,149,127,203,206,198,205,205,189,198,195,198,179,179,179,179,178,176,26,200,203,5522,4627,10539,9348,5978,2533,7424,10156,12582,10551,9819,0,29937,12841,29955,5085,29962,29964,29965,29966,29965,29962,29966,29966,29965,5102,29968,29969,29963,5118]} 1. e4 e6 2. d4 d5 3. Bd3 {[%cal Bf1d3,Bd3e4,Be4f3][%mdl 32]} dxe4 4. Bxe4 c5 5. Ne2 Nf6 6. Bf3 Nc6 {C01: French: Exchange Variation} 7. Be3 cxd4 8. Nxd4 Ne5 9. Nc3 {LiveBook: 35 Games} Bb4 10. Ndb5 Nxf3+ 11. Qxf3 Qa5 $146 (11... O-O $11) ({Predecessor:} 11... Bxc3+ 12. Nxc3 O-O 13. O-O Qa5 14. Rfd1 {1-0 (40) Onischuk,V (2629)-Mammadov,Z (2470) Nakhchivan 2015}) 12. O-O-O $1 $14 Bxc3 13. Nxc3 O-O 14. Qg3 Qf5 15. Bd4 b6 16. Rhe1 Nh5 17. Qe3 {[#] And now g4! would win.} f6 18. Ne4 Qf4 19. f3 e5 20. Bc3 Be6 21. g3 Qxe3+ 22. Rxe3 Rfd8 23. Nd6 g5 24. Red3 Rd7 25. Ne4 Rxd3 26. Rxd3 Kf7 27. a4 Kg6 28. Rd6 Re8 29. a5 bxa5 30. Ra6 g4 31. fxg4 Bxg4 32. Kd2 Re7 33. Bxa5 Bc8 34. Rd6 Rd7 35. c4 Ng7 36. Kc3 Ne8 37. Rxd7 Bxd7 $11 {[%mdl 4096] Endgame KBN-KBN} 38. b4 {[%cal Bb2b4,Bb4b5][%mdl 32]} f5 (38... Kf5 $11 {remains equal.} 39. Nc5 Bc8) 39. Nc5 $16 Bc8 40. Kd3 (40. Nd3 $16) 40... h5 41. Bd8 Kf7 42. b5 Ng7 $1 43. Nb3 Ne6 44. Ba5 h4 45. gxh4 Bb7 (45... e4+ $1 $11 46. Ke3 Bb7) 46. Bc3 Kf6 47. Na5 Bg2 (47... Nc5+ $16 48. Ke2 Be4) 48. Nc6 $18 Bf1+ 49. Kd2 Bxc4 50. Bxe5+ Kg6 51. Nxa7 Kh5 52. b6 {b7 is the strong threat.} Bd5 53. Bf6 f4 54. Nb5 Nc5 {Strongly threatening ...Ne4+.} 55. Nd6 ({White should play} 55. Nc3 $18 Bb7 56. Be7) 55... Kg4 $2 (55... Nd7 $1 $11 56. Bd8 Nxb6) 56. Ke2 Ne4 $2 {[#]} (56... Nd7) 57. Nxe4 $1 Bxe4 {KB-KB} 58. Kf2 Bb7 59. Bd8 f3 60. Be7 Bc6 61. Ke3 Bb7 62. Kf2 (62. Bf6 $18 Kf5 63. Be7) 62... Bc6 $1 63. h3+ (63. Bf6 $142 Kf5 64. Bd8 Kg6 65. Ke3 Kh5 66. h3 Bd5 67. Be7 Bc6 68. Bf6) 63... Kh5 64. Kg3 Bb7 65. Bc5 Kg6 66. Kf4 Kf6 67. Bf2 Bc6 68. h5 Bb7 69. Bd4+ Kf7 70. Ke5 Kg7 71. Be3 {Precision: White = 62%, Black = 37%.} 1-0

[Event "36th Zalakaros Festival 2017"]
[Site "Zalakaros"]
[Date "2017.05.19"]
[Round "2"]
[White "Kosakowski, Jakub"]
[Black "Vajda, Levente"]
[Result "0-1"]
[WhiteElo "2369"]
[BlackElo "2600"]
[Annotator "TA"]
[PlyCount "78"]
[EventDate "2017.??.??"]
[EventType "swiss"]
[EventCountry "HUN"]
[SourceTitle "playchess.com"]
[Source "ChessBase"]
[SourceQuality "1"]

{[%evp 28,78,37,20,33,20,24,22,28,12,9,8,33,10,48,20,23,12,14,9,19,-12,-20,-34,-23,-28,-22,-74,-58,-62,-66,-68,-74,-289,-175,-311,-279,-294,-288,-281,-258,-267,-289,-465,-475,-745,-735,-717,-575,-1269,-1120,-12838,-1852]} 1. e4 e5 2. Nf3 Nc6 3. Bb5 a6 4. Ba4 Nf6 5. O-O Be7 6. Re1 b5 7. Bb3 d6 8. c3 O-O 9. h3 Nb8 10. d4 Nbd7 11. Nbd2 Bb7 12. Bc2 Re8 13. a4 Bf8 14. Bd3 c6 15. b3 Qc7 {C95: Closed Ruy Lopez: Breyer Variation with 10 d4} (15... g6 16. Qc2 Bg7 17. Bb2 Qc7 18. b4 Nh5 19. Bf1 Nf4 20. dxe5 Nxe5 21. Nxe5 Bxe5 22. c4 Bxb2 23. Qxb2 bxa4 24. c5 {1-0 (50) Smirin,I (2676)-Efimenko,Z (2655) Warsaw 2016}) 16. Bb2 Rad8 17. Qc2 Nh5 {The position is equal.} 18. Rad1 $146 ({Predecessor:} 18. Bf1 Nf4 19. axb5 axb5 20. c4 b4 21. c5 exd4 22. cxd6 Qxd6 23. Nxd4 {0-1 (60) Rade,M (2432)-Rogic,D (2550) Bol 2015}) 18... Nf4 19. Bf1 Rb8 20. b4 Bc8 21. g3 Ng6 22. h4 Nf6 23. axb5 (23. Bg2 {with more complications.} bxa4 24. Ra1 a5 25. bxa5 Qxa5 26. Reb1) 23... axb5 24. c4 bxc4 25. Bxc4 Rxb4 26. dxe5 Nxe5 27. Bxe5 (27. Nxe5 $11 dxe5 28. Ba3) 27... dxe5 $17 28. Ng5 Re7 29. Qc3 c5 30. f4 $2 {[#]} (30. Ngf3 $17) 30... h6 31. Nxf7 (31. f5 $142) 31... Rxf7 $19 32. Qxe5 Qxe5 33. fxe5 Ng4 34. Bxf7+ Kxf7 35. Nf3 $2 {[#]} (35. Ra1 Be7 36. Rf1+ Ke6 37. Rfb1) 35... c4 {[%cal Bc5c4,Bc4c3][%mdl 32] Black is clearly winning.} 36. Rd8 (36. Rb1 $142) 36... Bc5+ 37. Kh1 Be6 {Threatens to win with ...c3.} 38. h5 c3 39. Nh4 Rb2 {Precision: White = 26%, Black = 44%.} (39... c2 $142 40. Rf1+ Nf2+ 41. Kh2 Rb1 42. g4 Rxf1 43. Nf5 c1=Q 44. Nxh6+ gxh6 45. Rd7+ Bxd7 46. Kg2 Nxg4 47. e6+ Bxe6 48. Kh3 Rf3+ 49. Kh4 Qh1#) 0-1

[Event "36th Zalakaros Festival 2017"]
[Site "Zalakaros"]
[Date "2017.05.19"]
[Round "2"]
[White "Lazarne Vajda, Szidonia"]
[Black "Erdos, Viktor"]
[Result "0-1"]
[WhiteElo "2357"]
[BlackElo "2614"]
[Annotator "TA"]
[PlyCount "112"]
[EventDate "2017.??.??"]
[EventType "swiss"]
[EventCountry "HUN"]
[SourceTitle "playchess.com"]
[Source "ChessBase"]
[SourceQuality "1"]

{[%evp 22,112,4,0,7,-1,0,0,0,-12,-12,-12,-13,-10,-7,-7,0,0,0,-10,-15,-15,-15,-15,-12,-13,-6,-6,-8,-6,0,0,0,0,0,0,0,0,0,0,0,-27,-31,-84,-75,-81,-80,-85,-95,-95,-72,-78,-78,-89,-15,-35,-15,-99,-50,-198,-191,-310,0,-162,-99,-132,-118,-267,-233,-1597,-1668,-1273,-1204,-12829,-12829,-12827,-12828,-12832,-12830,-12831,-12831,-12835,-12835,-12835,-12836,-12839,-12839,-12839,-12839,-12839,-12839,-12846,-12847]} 1. e4 e6 2. d4 d5 3. Nd2 c5 4. exd5 Qxd5 5. Ngf3 cxd4 6. Bc4 Qd6 7. O-O Nf6 8. Nb3 Nc6 9. Nbxd4 Nxd4 10. Qxd4 Qxd4 11. Nxd4 Bd7 12. c3 Bc5 {C07: French Tarrasch: 3...c5, 4 Ngf3 and 4 exd5 Qxd5} 13. Nf3 $146 ({Predecessor:} 13. Rd1 O-O-O 14. Bf4 {½-½ (14) Naiditsch,A (2697)-Grischuk,A (2733) Villarrobledo 2009}) 13... Bc6 14. Ne5 Bd5 {The position is equal.} 15. Bg5 Bxc4 16. Nxc4 Ne4 17. Be3 Bxe3 18. Nxe3 O-O-O 19. Rfd1 Nc5 20. Rxd8+ Rxd8 21. Rd1 Rxd1+ 22. Nxd1 $11 {[%mdl 4096] Endgame KN-KN} Kd7 23. Kf1 e5 24. Ke2 f5 25. f3 Ne6 26. Ne3 Nf4+ 27. Kd2 Ke6 28. c4 h5 29. g3 Nh3 30. Nd5 g5 {[%cal Bg7g5,Bg5g4][%mdl 32]} 31. Ke2 g4 {Threatens to win with ...Ng1+.} 32. f4 (32. Ke3 $15) 32... exf4 $17 33. gxf4 Ng1+ 34. Kf2 Nf3 35. h3 Nd2 36. Ne3 Ne4+ ({Much worse is} 36... gxh3 37. Kg3 $11) 37. Kg2 Nc5 ({Black should play} 37... a5 $17) 38. hxg4 $1 $11 hxg4 {And now ...Nd3 would win.} 39. Nd5 (39. b3 $11) 39... Nd3 40. b3 (40. b4 $1 $15) 40... Nc1 $19 41. Nc3 (41. Nc7+ {only move.} Ke7 42. Nd5+ Kd6 43. Kf2) 41... Nd3 (41... a5 $142 $1 42. Nb5 Nxa2) 42. Nd5 a5 ({Better is} 42... Kd6 $19 43. a3 Ne1+ 44. Kh2 Nc2) 43. a3 $17 Ne1+ $1 44. Kg3 {[#]} (44. Kf2 $17 Nc2 45. Nc7+ Kd6 46. Ne8+ Kc5 47. Ng7) 44... Nc2 $1 $19 45. b4 $2 (45. Nc7+ Kd6 46. Ne8+ Ke7 47. Nc7) 45... Nxa3 {Black is clearly winning.} 46. bxa5 Nxc4 47. a6 bxa6 48. Nc7+ Kd6 49. Nxa6 Nb2 50. Nb4 {[#]} Kc5 $1 {[%cal Rc5b4]} 51. Nc2 Nd1 52. Ne1 Kd4 53. Ng2 Ke4 54. Nh4 Nc3 55. Ng6 Ne2+ 56. Kh4 g3 {Precision: White = 46%, Black = 73%.} 0-1

[Event "36th Zalakaros Festival 2017"]
[Site "Zalakaros"]
[Date "2017.05.19"]
[Round "2"]
[White "Del Rey, Diego"]
[Black "Van Foreest, Lucas"]
[Result "1/2-1/2"]
[WhiteElo "2352"]
[BlackElo "2489"]
[Annotator "TA"]
[PlyCount "55"]
[EventDate "2017.??.??"]
[EventType "swiss"]
[EventCountry "HUN"]
[SourceTitle "playchess.com"]
[Source "ChessBase"]
[SourceQuality "1"]

{[%evp 10,55,6,0,0,0,0,0,0,0,0,0,12,-29,-6,-30,-36,-7,-18,-39,-32,-55,-4,-10,16,6,27,18,38,24,34,30,43,42,64,50,54,32,102,119,121,135,229,226,218,165,168,130]} 1. e4 e6 2. d4 d5 3. exd5 exd5 4. Bd3 c5 5. dxc5 Bxc5 6. Ne2 (6. Nf3 {looks sharper.} Nf6 7. Nc3 Qe7+ 8. Qe2 Qxe2+ 9. Bxe2 Nc6 10. Bg5) 6... Nf6 {Hoping for ...Ng4. C01: French: Exchange Variation} 7. O-O O-O 8. Nbc3 Nc6 {The position is equal.} 9. Bg5 {[%cal Bc1g5,Bg5h4,Bh4g3][%mdl 32]} h6 10. Bh4 Ne5 (10... g5 $5 {[%cal Rg5h4]} 11. Bg3 Re8 $11) 11. Bg3 $146 ({Predecessor:} 11. Bxf6 Qxf6 12. b4 Bxb4 13. Nxd5 Qh4 14. Nxb4 Qxb4 {0-1 (85) Jing,A (1952)-Sadorra,J (2572) Middleton 2013}) 11... Nc4 12. Na4 Be7 13. b3 b5 14. Nd4 Bd7 15. Bf5 Na3 ({Black should play} 15... bxa4 $15 16. bxc4 Bc5 17. Bxd7 Qxd7) 16. Nc3 $11 Bb4 17. Nce2 $36 {[%mdl 2048] White is more active.} Rc8 18. Bxd7 Qxd7 19. f3 Rfe8 20. Qd3 Qe7 21. c3 Ba5 22. Rac1 Nd7 23. Rfe1 Qf6 ({Black should try} 23... Ne5 $14 24. Qe3 Bb6) 24. Qf5 $16 ({Weaker is} 24. Nxb5 Qa6 $17) 24... Qxf5 25. Nxf5 {Black must now prevent Nd6.} Bc7 (25... Ne5 $16) 26. Bd6 $18 Bb6+ 27. Kf1 Bc5 28. Red1 {Precision: White = 61%, Black = 43%.} 1/2-1/2

[Event "36th Zalakaros Festival 2017"]
[Site "Zalakaros"]
[Date "2017.05.19"]
[Round "2"]
[White "Ivic, Velimir"]
[Black "Terbe, Julianna"]
[Result "1-0"]
[WhiteElo "2345"]
[BlackElo "2258"]
[Annotator "TA"]
[PlyCount "108"]
[EventDate "2017.??.??"]
[EventType "swiss"]
[EventCountry "HUN"]
[SourceTitle "playchess.com"]
[Source "ChessBase"]
[SourceQuality "1"]

{[%evp 28,108,58,38,80,76,64,65,85,88,84,18,58,14,60,0,0,-16,-10,-17,-13,-39,-26,-23,0,0,0,-12,0,-8,-15,-11,0,-31,-22,-38,-20,-47,0,0,0,0,0,-41,0,0,0,0,0,0,11,16,55,0,0,0,34,0,0,0,0,0,0,0,0,0,0,0,0,0,0,0,0,0,0,0,217,200,144,166,149,144,108]} 1. e4 c5 2. Nf3 e6 3. d4 cxd4 4. Nxd4 Nf6 5. Nc3 Nc6 6. Nxc6 bxc6 7. e5 Nd5 8. Ne4 Qc7 9. f4 Qb6 10. c4 Bb4+ 11. Ke2 f5 12. exf6 Nxf6 13. Be3 Qa5 14. Nxf6+ {B45: Sicilian Four Knights} gxf6 15. a3 {LiveBook: 4 Games} (15. Kf2 O-O 16. Bd3 Rf7 17. h4 Bc5 18. Rh3 Rg7 19. h5 f5 20. Qe2 Bb7 21. h6 Rg6 {0-1 (38) Solodovnichenko,Y (2587)-Kogan,A (2528) Drancy 2016}) 15... Be7 16. Kf2 {White is better.} O-O 17. Bd3 f5 18. b4 $146 ({Predecessor:} 18. Rg1 Bf6 19. c5 Kh8 20. Bc4 Qd8 21. Qd2 Rf7 {1-0 (50) Fric,P (2407)-Thoma,O (2184) ICCF email 2008}) 18... Qc7 19. Qf3 (19. Qh5 $16) 19... Bf6 20. Rad1 Rb8 21. Bb1 (21. Be2 $14) 21... d6 $11 {[%cal Bd7d6,Bd6d5][%mdl 32]} 22. c5 d5 23. Bd4 a5 24. Bxf6 (24. g3 {is more complex.} Bg7 25. Qc3 axb4 26. axb4 e5 27. Bxe5 Bxe5 28. Qxe5 Qxe5 29. fxe5 Rxb4 30. Ke3) 24... Rxf6 25. Rd4 Rg6 26. Re1 axb4 27. axb4 Qe7 {Strongly threatening ...Qh4+.} 28. g3 Rxb4 29. Qc3 Rb5 30. Rc1 (30. Bxf5 $5 Rxc5 31. Qe3 $11) 30... Qb7 31. Bd3 Rb3 32. Qa5 Rb2+ 33. Rc2 Rf6 34. Ra4 Rf8 35. Qc3 Rxc2+ (35... Rb3 {feels hotter.} 36. Qd2 Qg7 37. Rca2 Bd7 38. Ra7 Rfb8) 36. Bxc2 Qg7 37. Qxg7+ Kxg7 {[%mdl 4096] Endgame KRB-KRB} 38. Ke3 Rf7 39. Ra8 Bb7 40. Ra7 {[%mdl 1024] White has compensation.} Bc8 41. Ra8 Bb7 42. Ra7 Kf6 43. Kd4 Bc8 44. Ra8 Bb7 45. Ra7 Re7 (45... Bc8 $5 {[%cal Rf7a7]} 46. Ra8 Bb7 47. Ra7 $11) 46. Bd3 h6 47. Bb1 Rf7 48. Bc2 Rg7 49. Bb1 Rd7 50. Ra3 Bc8 51. Ra8 Bb7 $2 (51... Rb7 $11 {and Black stays safe.}) 52. Rh8 $18 {White is clearly better.} Kg7 {[#]} 53. Rb8 $1 Kf6 54. Bd3 Rc7 {Precision: White = 65%, Black = 63%.} 1-0